| 000 | 00920nam a22002895a 4500 | ||
|---|---|---|---|
| 003 | EG-ScBUE | ||
| 005 | 20211125134041.0 | ||
| 008 | 170709s2015 ua f 000 f ara d | ||
| 017 | _a2015 / 4130 | ||
| 020 | _a9789770933411 | ||
| 040 |
_aEG-ScBUE _bara _erda _cEG-ScBUE _dEG-ScBUE |
||
| 082 | 0 | 4 |
_a892.737 _bع ا ش _222 |
| 100 | 1 |
_aعاشور، رضوى، _d1946-2014، _eمؤلف. |
|
| 245 | 1 | 0 |
_aحجر دافئ : _bرواية / _cرضوى عاشور. |
| 250 | _aالطبعة الأولى. | ||
| 264 | 1 |
_aالقاهرة : _bدار الشروق، _c2015. |
|
| 300 |
_a212 صفحة ؛ _c24 سم |
||
| 336 |
_2rdacontent _aنص _btxt |
||
| 337 |
_2rdamedia _aبدون وسيط _bn |
||
| 338 |
_2rdacarrier _aمجلد _bnc |
||
| 590 | _aدعاء | ||
| 650 | 7 |
_2BUEsh _aالقصص العربية _yقرن 21. _934544 |
|
| 651 | _2BUEsh | ||
| 653 |
_bARALIT _cJuly2017 |
||
| 655 |
_vReading book _934232 |
||
| 942 | _2ddc | ||
| 999 |
_c24995 _d24967 |
||